000 00542nam a2200133Ia 4500
005 20260209120153.0
008 260209s9999||||xx |||||||||||||| ||und||
100 _aNripendra Pandey
245 0 _aLegal analysis of priority sector lending in India with special emphasis on education and agricultural loan
260 _aBangaloreBangalore
_bNLSIU, Bangalore
_c2024 - 2025
300 _a29 p. ; 25 cm.
700 _aMs. Sanyukta Chowdhury - SupervisorMs. Sanyukta Chowdhury - Supervisor
856 _uhttps://dans.nls.ac.in/handle/123456789/2490
999 _c217784
_d217784